000 00585nam a2200193 i 4500
001 115702
003 ES-MaACL
005 20250807215438.0
007 t|
008 070503s1910 sp ||||1| spa d
100 1 _aTorre, Lucas de.
_9110748
245 1 0 _aMujeres soldados /
_cLucas de Torre.
260 _aMadrid :
_b[s.n.],
_c1910.
300 _a7 p. ;
_c24 cm.
500 _aEn port.: (De la Revista de Archivos, Bibliotecas y Museos)
650 7 _aMujeres y guerra
_2embne
_9146669
852 _aES-MaACL
_jT-1329-F-5
_q. - Ded. autógr. del autor
999 _c115702
_d115702